书目信息 |
| 题名: |
道路交通控制技术
|
|
| 作者: | 尹宏宾 , 徐建闽 编著 | |
| 分册: | ||
| 出版信息: | 广州 华南理工大学出版社 2000.04 |
|
| 页数: | 138页 | |
| 开本: | 16开 | |
| 丛书名: | ||
| 单 册: | ||
| 中图分类: | TN965.6 | |
| 科图分类: | ||
| 主题词: | 无线电导航--导航设备 , 无线电导航--导航台 | |
| 电子资源: | ||
| ISBN: | 7-5623-1522-1 | |
| 000 | 00659nam0 2200217 45 | |
| 001 | 0007200955 | |
| 005 | 20000720095716.0 | |
| 010 | @a7-5623-1522-1@d20.00元 | |
| 100 | @a20000720d2000 km y0chiy0120 ea | |
| 101 | 0 | @achi |
| 105 | @a z 000yy | |
| 200 | 1 | @a道路交通控制技术@ADao Lu Jiao Tong Kong Zhi Ji Shu@f尹宏宾,徐建闽编著@FYin Hong Bin,Xu Jian Min Bian Zhu |
| 210 | @a广州@c华南理工大学出版社@d2000.04 | |
| 215 | @a138页@d16开 | |
| 606 | 0 | @a无线电导航@x导航设备 |
| 606 | 0 | @a无线电导航@x导航台 |
| 690 | @aTN965.6@v3 | |
| 701 | 0 | @a尹宏宾@4编著 |
| 701 | 0 | @a徐建闽@4编著 |
| 801 | @aCN@bPftUser@c20000720 | |
| 905 | @b71647-656@dTN965.6@eY060@f10 | |
| 道路交通控制技术/尹宏宾,徐建闽编著.-广州:华南理工大学出版社,2000.04 |
| 138页;16开 |
| ISBN 7-5623-1522-1:20.00元 |
| ● |
| 相关链接 |
|
|
|
正题名:道路交通控制技术
索取号:TN965.6/Y060
 
预约/预借
| 序号 | 登录号 | 条形码 | 馆藏地/架位号 | 状态 | 备注 |
| 1 | 71647 | 200716476 | 自科二线504/504自科库 8排4列2层/ [索取号:TN965.6/Y060] | 在馆 | |
| 2 | 71648 | 200716485 | 自科二线504/504自科库 8排4列2层/ [索取号:TN965.6/Y060] | 在馆 | |
| 3 | 71649 | 200716494 | 自科二线504/504自科库 8排4列2层/ [索取号:TN965.6/Y060] | 在馆 | |
| 4 | 71650 | 200716500 | 自科二线504/504自科库 8排4列2层/ [索取号:TN965.6/Y060] | 在馆 | |
| 5 | 71651 | 200716519 | 自科二线504/504自科库 8排4列2层/ [索取号:TN965.6/Y060] | 在馆 | |
| 6 | 71652 | 200716528 | 自科二线504/504自科库 8排4列2层/ [索取号:TN965.6/Y060] | 在馆 | |
| 7 | 71653 | 200716537 | 自科二线504/504自科库 8排4列2层/ [索取号:TN965.6/Y060] | 在馆 | |
| 8 | 71654 | 200716546 | 自科二线400A/400A自科库 6排1列3层/ [索取号:TN965.6/Y060] | 在馆 | |
| 9 | 71655 | 200716555 | 自科二线504/504自科库 8排4列2层/ [索取号:TN965.6/Y060] | 在馆 | |
| 10 | 71656 | 200716564 | 自科二线504/504自科库 8排4列2层/ [索取号:TN965.6/Y060] | 在馆 |